Monster Hunter Wilds Monsters - Statistics

General Stats
  • This quiz has been taken 343 times
    210 since last reset
  • The average score is 26 of 30
Answer Stats
Picture Answer % Correct
Lala Barina
97%
Rey Dau
97%
Rathalos
94%
Uth Duna
94%
Chatacabra
92%
Doshaguma
92%
Rathian
91%
Arkveld
90%
Xu Wu
89%
Congalala
88%
Guardian Rathalos
88%
Rompopolo
87%
Guardian Arkveld
86%
Nu Udra
86%
Gore Magala
85%
Quematrice
85%
Guardian Ebony Odogaron
84%
Yian Kut-ku
84%
Guardian Doshaguma
83%
Zoh Shia
82%
Balahara
81%
Gravios
81%
Guardian Fulgur Anjanath
81%
Ajarakan
80%
Jin Dahaad
79%
Mizutsune
79%
Hirabami
78%
Nerscylla
78%
Blangonga
72%
Gypceros
72%
No matching quizzes found
Score Distribution
Percent of People with Each Score
Percentile by Number Answered
Your Score History
You have not taken this quiz since the last reset